000 00770cam a2200193 4500
001 ABS60845
008 000000n1999 000 0 eng u
035 _a(Sirsi) u101355
100 _aBenyon, L.
245 _aQuestions in the house.
260 _c1999
490 _aProperty Week
_v64(25) 25 June 1999, 33; 64(26) 2 July 1999, 26-27
520 _aTwo articles looking at the property industry's attitudes to lobbying. The first article assesses the success of past attempts to influence government policy, and the second discusses how the Mayor of London and the elected assembly will change the equation.
650 _aGOVERNMENT
650 _aLONDON
650 _aPARLIAMENT
690 _aMANAGEMENT-BUSINESS MANAGEMENT-PROFESSIONAL PRACTICE
942 _n0
999 _c60500
_d60500